Karoline Postel-Vinay, L’Occident et sa bonne parole, Flammarion, 2005, 224 p., 39,20 € (notice n° 1640831)
[ vue normale ]
| 000 -LEADER | |
|---|---|
| fixed length control field | 00664cam a2200157 4500500 |
| 005 - DATE AND TIME OF LATEST TRANSACTION | |
| control field | 20260201095239.0 |
| 041 ## - LANGUAGE CODE | |
| Language code of text/sound track or separate title | fre |
| 042 ## - AUTHENTICATION CODE | |
| Authentication code | dc |
| 100 10 - MAIN ENTRY--PERSONAL NAME | |
| Personal name | Weydert, Jean |
| Relator term | author |
| 245 00 - TITLE STATEMENT | |
| Title | Karoline Postel-Vinay, L’Occident et sa bonne parole, Flammarion, 2005, 224 p., 39,20 € |
| 260 ## - PUBLICATION, DISTRIBUTION, ETC. | |
| Date of publication, distribution, etc. | 2005.<br/> |
| 500 ## - GENERAL NOTE | |
| General note | 85 |
| 520 ## - SUMMARY, ETC. | |
| Summary, etc. | Resumé Dans la quête de justice, il y a une temsion entre les aspirations à l’exactitude et une reconnaissance plus fondamentale et gratuite. |
| 786 0# - DATA SOURCE ENTRY | |
| Note | Revue Projet | 289 | 6 | 2005-06-01 | p. 091a-094a | 0033-0884 |
| 856 41 - ELECTRONIC LOCATION AND ACCESS | |
| Uniform Resource Identifier | <a href="https://shs.cairn.info/revue-projet-2005-6-page-091a?lang=fr&redirect-ssocas=7080">https://shs.cairn.info/revue-projet-2005-6-page-091a?lang=fr&redirect-ssocas=7080</a> |
Pas d'exemplaire disponible.




Réseaux sociaux